Central Library OPAC University of Rajshahi

Ethical and legal issues for mental health professionals : (Record no. 37627)

MARC details
000 -LEADER
fixed length control field 01428nam a2200325 a 4500
001 - CONTROL NUMBER
control field 37627
003 - CONTROL NUMBER IDENTIFIER
rucl marc code BD-RjUL
005 - DATE AND TIME OF LATEST TRANSACTION
control field 20211209052629.0
008 - FIXED-LENGTH DATA ELEMENTS--GENERAL INFORMATION
fixed length control field 150204s2005 nyua b 001 0 eng
020 ## - INTERNATIONAL STANDARD BOOK NUMBER
International Standard Book Number 0789027291 (hard cover : alk. paper)
International Standard Book Number 0789027305 (soft cover : alk. paper)
035 ## - SYSTEM CONTROL NUMBER
System control number (BD-RjUL) 37731
040 ## - CATALOGING SOURCE
Original cataloging agency DLC
Transcribing agency DLC
Modifying agency DLC
-- BD-RjUL
Language of cataloging eng
041 ## - LANGUAGE CODE
Language code of text/sound track or separate title eng
082 00 - DEWEY DECIMAL CLASSIFICATION NUMBER
Classification number 174.2
Edition number 22
Author mark and year ETH 2005
245 00 - TITLE STATEMENT
Title Ethical and legal issues for mental health professionals :
Remainder of title a comprehensive handbook of principles and standards /
Statement of responsibility, etc. Steven F. Bucky, Joanne E. Callan, George Stricker, editors.
260 ## - PUBLICATION, DISTRIBUTION, ETC. (IMPRINT)
Place of publication, distribution, etc. Binghamton, NY :
Name of publisher, distributor, etc. Haworth Maltreatment&Trauma Press,
Date of publication, distribution, etc. 2005.
300 ## - PHYSICAL DESCRIPTION
Pagination xxiv, 433 p. :
Illustrations ill. ;
Size 22 cm.
500 ## - GENERAL NOTE
General note "Handbook of Principles and Standards has been co-published simultaneously as Journal of Aggression, Maltreatment & Trauma, Volume 11, Numbers 1/2 and 3 2005."
504 ## - BIBLIOGRAPHY, ETC. NOTE
Bibliography, etc Includes bibliographical references and index.
650 #0 - SUBJECT ADDED ENTRY--TOPICAL TERM
Topical term or geographic name as entry element Mental health personnel
General subdivision Professional ethics
Geographic subdivision United States.
9 (RLIN) 115698
Topical term or geographic name as entry element Mental health personnel
General subdivision Legal status, laws, etc.
Geographic subdivision United States.
9 (RLIN) 115699
700 1# - ADDED ENTRY--PERSONAL NAME
Personal name Bucky, Steven F.
Personal name Callan, Joanne E.
Personal name Stricker, George.
942 ## - ADDED ENTRY ELEMENTS (KOHA)
Source of classification or shelving scheme Dewey Decimal Classification
Koha item type Books
Holdings
Lost status Source of classification or shelving scheme Damaged status Not for loan Collection code Permanent Location Current Location Shelving location Date acquired Source of acquisition Total Checkouts Full call number Date last seen Copy number Koha item type
  Dewey Decimal Classification   Not For Loan Non-fiction Institute of Biological Sciences (IBSc) Library Institute of Biological Sciences (IBSc) Library   04/02/2015 HEQEP   174.2 ETH 2005 04/02/2015 C-1 Books